Asian journal of organic & medicinal chemistry (Record no. 220686)

MARC details
000 -LEADER
fixed length control field 00330nas a2200121 4500
005 - DATE AND TIME OF LATEST TRANSACTION
control field 20211118151709.0
008 - FIXED-LENGTH DATA ELEMENTS--GENERAL INFORMATION
fixed length control field 211118b ||||| |||| 00| 0 eng d
022 ## - INTERNATIONAL STANDARD SERIAL NUMBER
International Standard Serial Number 2456-8937
040 ## - CATALOGING SOURCE
Transcribing agency
245 ## - TITLE STATEMENT
Title Asian journal of organic & medicinal chemistry
260 ## - PUBLICATION, DISTRIBUTION, ETC.
Place of publication, distribution, etc. Asian Publication Corporation
Name of publisher, distributor, etc. Oct-Dec 2020
942 ## - ADDED ENTRY ELEMENTS (KOHA)
Source of classification or shelving scheme Dewey Decimal Classification
Koha item type Periodicals
Holdings
Withdrawn status Lost status Source of classification or shelving scheme Materials specified (bound volume or other part) Damaged status Not for loan Home library Current library Date acquired Total Checkouts Date last seen Price effective from Koha item type
    Dewey Decimal Classification V 5 ,No 4     St Aloysius PG Library St Aloysius PG Library 11/18/2021   11/18/2021 11/18/2021 Periodicals